Diseños de estructuras de acero con LRFD
Guardado en:
| Hovedforfatter: | |
|---|---|
| Andre forfattere: | , , |
| Format: | Bog |
| Udgivet: |
México ; Prentice Hall
1999
|
| Fag: | |
| Tags: |
Tilføj Tag
Ingen Tags, Vær først til at tagge denne postø!
|
MARC
| LEADER | 00000nam a2200000Ia 4500 | ||
|---|---|---|---|
| 003 | 000199 | ||
| 005 | 20221231144014.0 | ||
| 008 | 140114s9999 m a 000 ||s d | ||
| 040 | |c cru CEDI | ||
| 082 | |a 624.182.1 G146d | ||
| 100 | |a Galambos, Theodore V. |9 18885 | ||
| 245 | |a Diseños de estructuras de acero con LRFD | ||
| 260 | |a México ; Prentice Hall |c 1999 | ||
| 300 | |a xvi, 320 hojas ; ilustraciones | ||
| 500 | |a Traducción de: Basic steel design with LRFD | ||
| 650 | |x ACERO DE CONSTRUCCION |x CONSTRUCCIONES METALICAS |x ESTRUCTURAS DE ACERO - DISEÑO |x DISEÑO DE ESTRUCTURAS |9 18891 | ||
| 700 | |9 18889 |a Lin, F.J. | ||
| 700 | |9 18890 |a Cera Alonso, José E. de la |d Traductor | ||
| 700 | |9 18887 |a Johnston, Bruce Gilbert, 1905- | ||
| 942 | |2 ddc |c BK | ||
| 999 | |c 15500 |d 15500 | ||
